000 00920nam a2200217Ia 4500
999 _c41940
_d41940
001 8624
003 GE_BSU
005 20240520124053.0
008 181216s1998||||ge |||||||||||||| ||geo||
040 _cGE_BSU
041 _ageo
080 _a37.02(042.4)+37.026(042.4) გ-58
100 _aგობრონიძე, ალექსანდრე
_9794
245 _aსწავლების საკითხები :
_bლექციების კურსი /
_cალექსანდრე გობრონიძე ; რედ. ხათუნა თავდგირიძე.
264 _aბათუმი :
_bაჭარა,
_c1998.
300 _a148 გვ. ;
_c 20 სმ.
541 _h3 ლ.
653 _aსწავლების საკითხები
700 _aთავდგირიძე, ხათუნა
_eრედაქტორი
_922127
942 _cBK
_2udc